|
|
|
แสดงรายละเอียดบรรณานุกรม |
|
|
Brief Record
: Get Marc (ISO 2709)
: E-mail record
: |
| LEADER 00000nam 2200000uu 4500 | |||
| 001 17879 | |||
| 003 ULIBM | |||
| 008 020711s2558 th a 000 0 tha d | |||
| 020 978-616-91190-2-9 | |||
| 100 ชยสาโร ภิกขุ | |||
| 245 ตามความเป็นจริง | |||
| 250 พิมพ์ครั้งที่ 8 | |||
| 260 กรุงเทพฯ :^bบริษัท โรงพิมพ์อักษรสัมพันธ์(1987)จำกัด,^c2558 | |||
| 300 208 หน้า | |||
| คุณยังไม่ได้ล็อกอิน คุณสามารถมีกิจกรรมร่วมกับเว็บไซต์ได้ แต่ต้องล็อกอินก่อน :: |
|
| สถานะ | |||||||||
| 1. | หนังสือ | 2558 Barcode: 0003234 | On Shelf | ||||||
| [แสดง 1/1 รายการ] | |||||||||
| รายการใกล้เคียง ชื่อเรื่อง [ตามความเป็นจริง] ผู้แต่ง [ชยสาโร ภิกขุ] |
BibComment |
| คอมเมนท์ทรัพยากรรายการนี้ |
|
|